Culture Générale - Série 1678 - Statistiques

Statistiques générales
  • Ce quiz a été pris 86 fois
  • Le résultat moyen est 4 sur 10
Statistiques - réponses
Question Réponse % Correct
Comment s'appelle la plus haute dune de sable d'Europe, située à l'entrée du bassin d'Arcachon ? Pilat
75%
Dans quelle ville est mort Mozart ? Vienne
72%
Quel mot espagnol désigne une cour intérieure à ciel ouvert d'une maison de style andalou ? patio
68%
Dans quel pays se trouve la source de l'Amazone ? Pérou
61%
Quel port français, sur la mer du Nord, porte un nom d'origine flamande qui signifie "Église des dunes" ? Dunkerque
58%
Les trois plus célèbres pyramides d'Egypte sont : Khéops, Khéphren et ... Mykérinos
34%
Quel réseau nerveux du corps humain est dit "solaire", lorsqu'il se trouve au creux de l'estomac ? plexus
30%
Quel pays a remporté en 2018 le concours Eurovision de la chanson ? Israël
25%
Comment s'appelle la discipline qui consite à étudier les manuscrits anciens ? paléographie
5%
De quelle ville est originaire la sucette appelée "niniche" qui fut primée en 1946 meilleur bonbon de France ? Quiberon
4%
Aucun quiz correspondant
Distribution des résultats
% des personnes avec chaque résultat
Percentile par nombre de réponses
Votre historique - résultats
Vous n’avez pas pris ce quiz